Serie A: 75+ Assists - Statistics

General Stats
  • This quiz has been taken 12 times
  • The average score is 5 of 7
Answer Stats
Ranking Player Positions Nationality Matches Goals (assists) Periods Clubs % Correct
4 Andrea Pirlo MF 418 48 (82) 2000-2015
100%
1 Francesco Totti MF, FW 446 207 (115) 2000-2017
100%
7 Lorenzo Insigne MF, FW 337 96 (76) 2009-2010, 2012-2022
90%
6 Marek Hamšík MF 409 100 (78) 2004-2005, 2007-2019
90%
5 Domenico Berardi MF, FW 314 122 (78) 2013-2024
70%
3 Antonio Candreva DF, MF, FW 502 85 (86) 2007-2008, 2009-2024
60%
2 Antonio Cassano FW 377 110 (88) 2000-2005, 2007-2016
30%
No matching quizzes found
Score Distribution
Percent of People with Each Score
Percentile by Number Answered
Your Score History
You have not taken this quiz